LEADER 00973nam a2200241 u 4500 001 000000106182 003 CaOOAMICUS 005 20070710123716.0 008 070710s1948 gr u000 u gre u 040 $aPUL$bita$dLDB 041 0 $agrelat 100 1 $aPoyssoi, E.$0(OLS)http://pul/name/65199 245 10$aLexilogion ekklesiastikoy dikaioy /$cE. Poyssoi. 260 $aAthinai :$b[S. n.],$c1948. 300 $a2v. in 1 ;$c22 cm 500 $aIntestazione del frontespizio translitterata dal greco. 505 1 $av. 1. Byzantinon dikaion. -- v. 2. Latinikon dikaion. 650 14$aChiesa$xStoria$vDizionari.$0(OLS)http://pul/subject/2231 850 $aPUL 852 $aPUL$W1$xSL Cons. Gen., Altre Classi 1$y1$m2006 F 3$j119253$qStampati$B119143$CPULBib$Z2$F119143 $H13501 $82 941 1 $a8 996 $6245$aLexilogion ekklesiastikoy dikaioy$9(OLS)http://pul/title/133721 996 $6260$aAthinai :$b[S. n.]$9(OLS)http://pul/publisher/79306 LEADER 01412nam a2200301 u 4500 001 000000044828 003 CaOOAMICUS 005 20070226114608.0 008 990510s1998 it u000 u ita u 020 $a8842053988 035 $a10822712 040 $aPUL$bita 100 1 $aBarbera, Augusto,$d1938-$0(OLS)http://pul/name/2101 245 13$aLe basi filosofiche del costituzionalismo :$bLineamenti di filosofia del diritto costituzionale /$ca cura di Augusto Barbera ; coordinati da Augusto Barbera e Gianfrancesco Zanetti. 260 $aRoma ;$aBari :$bLaterza,$c1998. 300 $avii, 319 p. ;$c21 cm 490 1 $aManuali Laterza ;$v96 650 4$aFilosofia del diritto.$0(OLS)http://pul/subject/620 700 1 $aZanetti, Gianfrancesco.$0(OLS)http://pul/name/32685 830 0$aManuali Laterza ;$v96.$0(OLS)http://pul/title/2009 850 $aPUL 852 $aPUL$W1$xDP2 Diritto e Scienze Sociali 3$y110$m342. 02 BARAU 1$j177184$nBK-PRI$b $qDDC 21$B60290$CPULBib$Z2$F60290 $H86244 $81 941 1 $a9 960 $aDiritto$xFilosofia$9620 961 $aprecedente collocazione: Fil 195 996 $6020$a8842053988$9(OLS)http://pul/number/55916 996 $6245$aLe basi filosofiche del costituzionalismo :$bLineamenti di filosofia del diritto costituzionale$9(OLS)http://pul/title/60451 996 $6260$aRoma ;$aBari :$bLaterza$9(OLS)http://pul/publisher/57682